Searching for resilience in sustainable development : (Record no. 353979)

000 -LEADER
fixed length control field 01656cam a2200337 i 4500
001 - CONTROL NUMBER
control field 17651638
003 - CONTROL NUMBER IDENTIFIER
control field OSt
005 - DATE AND TIME OF LATEST TRANSACTION
control field 20180116192423.0
008 - FIXED-LENGTH DATA ELEMENTS--GENERAL INFORMATION
fixed length control field 130308s2014 enka b 001 0 eng
010 ## - LIBRARY OF CONGRESS CONTROL NUMBER
LC control number 2013007890
020 ## - INTERNATIONAL STANDARD BOOK NUMBER
International Standard Book Number 9780415524889 (hbk)
020 ## - INTERNATIONAL STANDARD BOOK NUMBER
International Standard Book Number 9780415524896 (pbk)
020 ## - INTERNATIONAL STANDARD BOOK NUMBER
Canceled/invalid ISBN 9780203109519 (ebk)
040 ## - CATALOGING SOURCE
Original cataloging agency DLC
Language of cataloging eng
Transcribing agency DLC
Description conventions rda
Modifying agency DLC
042 ## - AUTHENTICATION CODE
Authentication code pcc
050 00 - LIBRARY OF CONGRESS CALL NUMBER
Classification number HC79.E5
Item number B577 2014
082 00 - DEWEY DECIMAL CLASSIFICATION NUMBER
Classification number 338.927
Edition number 23
100 1# - MAIN ENTRY--PERSONAL NAME
Personal name Blewitt, John,
Dates associated with a name 1957-
9 (RLIN) 7642
245 10 - TITLE STATEMENT
Title Searching for resilience in sustainable development :
Remainder of title learning journeys in conservation /
Statement of responsibility, etc. John Blewitt and Daniella Tilbury.
260 ## - PUBLICATION, DISTRIBUTION, ETC.
Place of publication, distribution, etc. Abingdon, Oxon :
Name of publisher, distributor, etc. Routledge,
Date of publication, distribution, etc. 2014
300 ## - PHYSICAL DESCRIPTION
Extent xx, 188 pages :
Other physical details illustrations ;
Dimensions 24 cm
504 ## - BIBLIOGRAPHY, ETC. NOTE
Bibliography, etc. note Includes bibliographical references (pages [164]-183) and index.
505 0# - FORMATTED CONTENTS NOTE
Formatted contents note Introduction: learning journeys and resilience in times of change -- Resilience in theory and practice -- Shifting tactics?: testing the resilience of a movement -- Contesting market logics -- Regenerative and resilient eco-cities -- Risks, transition and an ecology of circumstances -- Education and conservation: building social resilience -- Resilience, sustainability and the utopian future -- Destinations: humpty dumpty and the search for resilience.
650 #0 - SUBJECT ADDED ENTRY--TOPICAL TERM
Topical term or geographic name entry element Sustainable development.
9 (RLIN) 7643
650 #0 - SUBJECT ADDED ENTRY--TOPICAL TERM
Topical term or geographic name entry element Sustainability.
9 (RLIN) 7644
650 #0 - SUBJECT ADDED ENTRY--TOPICAL TERM
Topical term or geographic name entry element Human ecology.
9 (RLIN) 7645
700 1# - ADDED ENTRY--PERSONAL NAME
Personal name Tilbury, Daniella.
9 (RLIN) 7646
906 ## - LOCAL DATA ELEMENT F, LDF (RLIN)
a 7
b cbc
c orignew
d 1
e ecip
f 20
g y-gencatlg
942 ## - ADDED ENTRY ELEMENTS (KOHA)
Source of classification or shelving scheme
Koha item type Book
Holdings
Withdrawn status Lost status Source of classification or shelving scheme Damaged status Not for loan Permanent Location Current Location Date acquired Total Checkouts Full call number Barcode Date last seen Cost, replacement price Price effective from Koha item type
          School of Art Design and Architecture (SADA) School of Art Design and Architecture (SADA) 07/14/2014   338.927 BLE 2014 SADA0002346 01/05/2017 3820.75 01/05/2017 Book
© 2023 Central Library, National University of Sciences and Technology. All Rights Reserved.